Im schönsten Badeschwindel. (Titelsatznr. 100284)
[ MARC ]
| 000 -Satzkennung | |
|---|---|
| Kontrollfeld mit fester Länge | 00883nam a22001937a 4500 |
| 008 - Feld mit fester Länge zur physischen Beschreibung - Allgemeine Angaben | |
| Kontrollfeld mit fester Länge | 201130b ||||| |||| 00| 0 eng d |
| 040 ## - Katalogisierungsquelle | |
| Katalogisierungssprache | ger |
| Übertragungsstelle | DE-2950 |
| Beschreibungsfestlegungen | rda |
| Original-Katalogisierungsstelle | DE-2950 |
| 041 ## - Sprachcode | |
| Sprachcode des Textes/der Tonspur oder des separaten Titels | ger |
| 100 ## - Person oder Familie als 1. geistiger Schöpfer | |
| Personenname | Nolte, Dorothee: |
| 245 ## - Titel | |
| Haupttitel | Im schönsten Badeschwindel. |
| Titelzusatz | Vor 250 Jahren wurde die Geselligkeitskünstlerin und Autorin Rahel Varnhagen geboren. Sie führte einen berühmten Salon in Berlin - und kurte gern und wiederholt in Bad Freienwalde / |
| Verantwortlichkeitsangabe | Dorothee Nolte |
| 490 ## - Gesamttitelangabe | |
| Haupttitel der Reihe/Unterreihe | Brandenburger Blätter |
| Zählung | 15./16.05.2021 |
| 600 ## - Nebeneintragung unter einem Schlagwort - Personenname | |
| Personenname | Varnhagen, Rahel; Schriftstellerin, |
| Datumsangaben in Verbindung mit einem Namen | 1771-1833 |
| 653 ## - Lokales Schlagwort | |
| Nicht-normierter Term | Bad Freienwalde |
| 773 ## - Übergeordnete Einheit | |
| Ort, Verlag und Erscheinungsjahr | Frankfurt (Oder): Märkisches Verlags- und Druckhaus GmbH & Co KG |
| Verknüpfungsangaben | 32. Jahrgang (2021) Nr. 111 vom 15./16.05.2021, Journal am Wochenende, S.5 |
| Titel | Märkische Oderzeitung |
| 942 ## - Zusätzliche Felder (Koha) | |
| Koha-Medientyp | Aufsätze |
| Ausgeschieden | Verloren | Beschädigt | Nicht entleihbar | Permanenter Standort | Aktueller Standort | Aufstellungsort | Eingabedatum | Anzahl Ausleihen | Signatur | Letzte Aktivität | Preis gültig von | Medientyp |
|---|---|---|---|---|---|---|---|---|---|---|---|---|
| Stadtarchiv Frankfurt (Oder) | Archivbibliothek | Stadtarchiv Frankfurt (Oder) | Archivbibliothek | Magazin | 26/05/2021 | Z2 | 26/05/2021 | 26/05/2021 | Aufsätze |